000
00332nam a22001457a 4500
003
OSt
005
20160727222347.0
008
160621b xxu||||| |||| 00| 0 eng d
040
_c
Test
100
_9
292
_a
White, E. B
245
_a
St.Vart Little
260
_a
N.Y
_b
Harper Collins
_c
1973
300
_a
St.Vart Little
942
_2
ddc
_c
BK
999
_c
238
_d
238